00590nam a2200181Ia 4500003000900000008004100009020001800050040001600068080001600084100002600100245009500126260004800221300001600269650000900285942000700294999001500301952009200316IN-BaIIA211028s9999 xx 000 0 eng d a0-521-23684-3 cIIA Library a523.34bCAD aCadogan, P. H.912162 4aThe moonbour sister planetcP. H. Cadogan  aCambridgebCambridge University Pressc1981 aviii, 391p. aMoon cBK c7098d7098 00104070aBANbBANcGENd1982-06-01l0o523.34/ CADp7880r2021-11-05w1982-06-01yBK